000 00469nam a22001577a 4500
005 20250916110958.0
008 250916b |||||||| |||| 00| 0 eng d
020 _a979-8-88715-047-5
100 _aBORIS, ALBERT
245 _aENCYCLOPEDIA OF CLASSROOM ENVIRONMENT IN CHILD EDUCATION
260 _aDUBLIN
_bORYSON PRESS
_c2023
300 _aXI, 264P.
500 _aINCUDES INDEX
650 _a1, EARLY CHILDHOOD EDUCATION. 2. CLASSROOM ENVIRNMENT
942 _2lcc
_cBK
999 _c216106
_d216106